| Tag |
First Indicator |
Second Indicator |
Subfields |
| LEADER |
00000cam a2200000 i 4500 |
| 001 |
in00000235921 |
| 005 |
20151009091403.0 |
| 008 |
750423s1974 fr a b i00010 eng |
| 010 |
|
|
|a 75310391
|
| 015 |
|
|
|a F***
|
| 020 |
|
|
|a 926411162X :
|c $8.00 (U.S.)
|
| 035 |
|
|
|a (OCoLC)01318515
|
| 035 |
|
|
|9 ABA4536AM
|
| 040 |
|
|
|a DLC
|c DLC
|d TXA
|d UtOrBLW
|
| 049 |
|
|
|a TXAM
|c 1 [1137916]
|c 2 [1391458]
|
| 050 |
0 |
0 |
|a HD9510.5
|b .O74 1974
|
| 082 |
0 |
|
|a 338.4/7/669142
|
| 110 |
2 |
|
|a Organization for Economic Cooperation and Development.
|b Special Committee on Iron and Steel.
|
| 245 |
1 |
0 |
|a Forecasting steel consumption :
|b cross-section and time-series approaches /
|c [Special Committee for Iron and Steel of OECD].
|
| 264 |
|
1 |
|a Paris :
|b Organisation for Economic Co-operation and Development,
|c 1974.
|
| 300 |
|
|
|a 135 pages :
|b illustrations ;
|c 24 cm.
|
| 336 |
|
|
|a text
|b txt
|2 rdacontent
|
| 337 |
|
|
|a unmediated
|b n
|2 rdamedia
|
| 338 |
|
|
|a volume
|b nc
|2 rdacarrier
|
| 500 |
|
|
|a "Results of the work carried out by a group of experts under the chairmanship of professor E. Ruist."
|
| 504 |
|
|
|a Bibliography: pages 133-135.
|
| 650 |
|
0 |
|a Steel industry and trade.
|
| 650 |
|
0 |
|a Economic forecasting.
|
| 700 |
1 |
|
|a Ruist, Erik.
|
| 999 |
|
|
|a MARS
|
| 999 |
f |
f |
|s be89310e-3384-3882-a2e9-528a6bbd386b
|i 751c0022-6394-3312-93d6-4546f5b72023
|t 0
|
| 952 |
f |
f |
|p ric
|a Texas A&M University
|b Rellis Campus
|c Joint Library Facility
|d Remote Storage
|t 0
|e HD9510.5 .O74 1974
|h Library of Congress classification
|i unmediated -- volume
|m A14802726235
|
| 998 |
f |
f |
|a HD9510.5 .O74 1974
|t 0
|l Remote Storage
|